000 00621nam a2200265Ia 4500
005 20260121172625.0
008 008 260114s9999 xx 000 0 eng d
020 _a9783030734886
037 _aEBOOK
040 _aCRL
040 _beng
040 _cCRL
041 _2eng
041 _aeng
084 _qCRL
100 _aMatthieu Hamel
_91090704
245 0 _aPlastic Scintillators
260 _bSpringer
260 _bSpringer
260 _c2021
856 _uhttps://link.springer.com/openurl?genre=book&isbn=978-3-030-73488-6
942 _cEBOOK
999 _c1656444
_d1656444